00377nam a22000977a 4500008004100000100003600041245009500077260005500172300001500227650003700242200416b ||||| |||| 00| 0 eng d aThe United Republic of Tanzania aTanzania Statistical Master Plan 2009/10-2013/14cThe United Republic of TanzaniahEnglish aDar Es SalaambNational Bureau of Statisticsc2010 a79p.c29cm 2Tanzania Statistical Master Plan